[Event "TCh-MNE Premier"]
[Site "Herceg Novi MNE"]
[Date "2008.08.29"]
[Round "5"]
[White "Vajda,L"]
[Black "Damljanovic,B"]
[Result "1-0"]
[WhiteElo "2588"]
[BlackElo "2579"]

1.e4 d6 2.d4 Nf6 3.Nc3 e5 4.Nf3 Nbd7 5.Bc4 Be7 6.O-O Nb6 7.Be2 Nfd7 8.a4 a5
9.dxe5 dxe5 10.Nb5 O-O 11.Be3 c6 12.Nd6 Qc7 13.Nf5 Nc5 14.Nxe7+ Qxe7 15.c3 Bg4
16.Qc2 Nbd7 17.Rfe1 Nf6 18.h3 Bd7 19.Nd2 b5 20.axb5 cxb5 21.Rxa5 Rxa5 22.b4 Ncxe4
23.Nxe4 Raa8 24.Bc5 Qe6 25.Bxf8 Rxf8 26.Nc5 Qe7 27.Bf3 g6 28.Nxd7 Nxd7 29.Bc6 Nf6
30.Bxb5 Rc8 31.Qd2 e4 32.c4 Rd8 33.Qc3 Nh5 34.Bc6 Nf4 35.c5 Rd3 36.Qc4 Ne6
37.Qxe4 Qd8 38.Qe5 Qh4 39.Bd5 Ng5 40.Ra1  1-0

[Event "X Sants Open"]
[Site "Barcelona ESP"]
[Date "2008.08.30"]
[Round "9"]
[White "Gallego Alcaraz,A"]
[Black "Sumets,A"]
[Result "0-1"]
[WhiteElo "2400"]
[BlackElo "2534"]

1.e4 d6 2.d4 Nf6 3.Nc3 Nbd7 4.Nf3 e5 5.Bc4 Be7 6.O-O O-O 7.Re1 c6 8.a4 Qc7
9.b3 b6 10.d5 Bb7 11.dxc6 Bxc6 12.Ba3 a6 13.Qe2 Bb7 14.Red1 Rfc8 15.Ng5 Rf8
16.Rd2 h6 17.Nf3 Rfc8 18.Rad1 Nf8 19.Nd5 Nxd5 20.Bxd5 Bxd5 21.Rxd5 Nh7 22.c4 Nf6
23.R5d3 b5 24.cxb5 axb5 25.Rc1 Qb7 26.Nd2 bxa4 27.Rdc3 Rd8 28.Qc4 d5  0-1

[Event "X Sants Open"]
[Site "Barcelona ESP"]
[Date "2008.08.30"]
[Round "9"]
[White "Rios Parra,M"]
[Black "Pakleza,Z"]
[Result "1-0"]
[WhiteElo "2349"]
[BlackElo "2495"]

1.e4 d6 2.d4 Nf6 3.Nc3 c6 4.Be3 Qb6 5.a3 Ng4 6.Nf3 e5 7.Bc4 Be7 8.O-O Nxe3
9.fxe3 O-O 10.dxe5 Qxe3+ 11.Kh1 Qc5 12.exd6 Bxd6 13.Qd3 Bc7 14.e5 h6 15.Ne4 Qe7
16.Nf6+ gxf6 17.Qg6+  1-0

[Event "XXV Open"]
[Site "Collado Villalba ESP"]
[Date "2008.08.30"]
[Round "9"]
[White "Martinez de Miguel,P"]
[Black "Cueto,J BOL"]
[Result "1-0"]
[WhiteElo "2172"]
[BlackElo "2321"]

1.e4 d6 2.d4 Nf6 3.Nc3 Nbd7 4.f4 c6 5.e5 Nd5 6.Nxd5 cxd5 7.Nf3 e6 8.Bd3 Be7
9.O-O O-O 10.Qe1 Re8 11.f5 exf5 12.e6 Nf8 13.exf7+ Kxf7 14.Qg3 Kg8 15.Bf4 Ng6
16.Rae1 Nxf4 17.Qxf4 Rf8 18.h4 Bf6 19.Re2 Qb6 20.c3 Bd7 21.Rfe1 h6 22.Kh1 Kh8
23.Qg3 Rf7 24.Qg6 Raf8 25.g4 Qd8 26.g5 Be7 27.Rg1 Be8 28.gxh6 gxh6 29.Bxf5 Bg5
30.Nxg5 hxg5 31.Qh6+ Kg8 32.Rxg5+ Qxg5 33.Qxg5+ Rg7 34.Qh6  1-0

[Event "XXV Open"]
[Site "Collado Villalba ESP"]
[Date "2008.08.30"]
[Round "9"]
[White "Baeza Escudero,J"]
[Black "Rodriguez de Castro,A"]
[Result "0-1"]
[WhiteElo "1971"]
[BlackElo "2114"]

1.e4 d6 2.d4 Nf6 3.Nc3 Nbd7 4.Nf3 e5 5.dxe5 dxe5 6.a3 a5 7.Bc4 Be7 8.O-O O-O
9.Qe2 c6 10.a4 Qc7 11.Nh4 Nb6 12.Bb3 Nfd7 13.Nf5 Nc5 14.Be3 Bxf5 15.Bxc5 Bg6
16.Qe3 Bxc5 17.Qxc5 Nd7 18.Qe3 Rad8 19.Rfd1 b6 20.Bc4 Nc5 21.f3 Rxd1+ 22.Rxd1 Rd8
23.Qe2 Kf8 24.Rxd8+ Qxd8 25.Qe3 f6 26.b3 Ke7 27.Kf2 Ne6 28.Bxe6 Kxe6 29.Ne2 Be8
30.f4 exf4 31.Nxf4+ Kf7 32.b4 Kg8 33.c3 b5 34.bxa5 Qxa5 35.Qc5 Qxa4 36.Kf3 Qd1+
37.Kg3 g5 38.Ne6 Qe1+ 39.Kf3 Bh5+ 40.g4 Bxg4+ 41.Kxg4 Qxe4+  0-1

[Event "TCh-MNE Premier"]
[Site "Herceg Novi MNE"]
[Date "2008.08.30"]
[Round "6"]
[White "Benderac,S"]
[Black "Tadic,Br"]
[Result "1/2-1/2"]
[WhiteElo "2326"]
[BlackElo "2491"]

1.e4 d6 2.d4 Nf6 3.Nc3 e5 4.Nf3 Nbd7 5.Bc4 Be7 6.O-O O-O 7.Re1 c6 8.a4 a5
9.h3 h6 10.Ba2 Nh7 11.Be3 Ng5 12.Qe2 Nxf3+ 13.Qxf3 exd4 14.Bxd4 Ne5 15.Qh5 Bg5
16.Rad1 Qf6 17.Be3 g6 18.Qe2 Rd8 19.Rf1 Bf4 20.Bxf4 Qxf4 21.Qd2 g5 22.Qxf4 gxf4
23.Ne2 f3 24.Nd4 Kh7 25.Kh2 fxg2 26.Kxg2 Rg8+ 27.Kh2 c5 28.f4 cxd4 29.fxe5 dxe5
30.Rxf7+ Rg7 31.Rxg7+ Kxg7 32.Rg1+ Kf6 33.Rg8 Ke7 34.Kg3 Kd7 35.Kh4 Ra6  1/2-1/2

[Event "1st Dragon Capital Vietnam Open"]
[Site "Vung Tau VIE"]
[Date "2008.08.30"]
[Round "6"]
[White "Tu Hoang Thai"]
[Black "Nguyen Ngoc Truong Son"]
[Result "1-0"]
[WhiteElo "2395"]
[BlackElo "2579"]

1.d4 d6 2.e4 Nf6 3.Nc3 e5 4.Nf3 Nbd7 5.Bc4 Be7 6.O-O O-O 7.dxe5 dxe5 8.Qe2 c6
9.a4 h6 10.Rd1 Qc7 11.Nh4 Nb6 12.Bb3 Bg4 13.Nf3 Nh7 14.Be3 Rad8 15.Rxd8 Rxd8
16.Rd1 Rxd1+ 17.Qxd1 Ng5 18.Bxg5 hxg5 19.Qd3 Nd7 20.Qc4 Be6 21.Nd5 Qd6 22.Nxe7+ Qxe7
23.Qd3 Bxb3 24.Qxb3 Qd6 25.h3 Nc5 26.Qc4 Qd1+ 27.Kh2 Ne6 28.Qc3 Nd4 29.Nxd4 Qxd4
30.Qxd4 exd4 31.Kg3 f6 32.Kg4 Kf7 33.e5 Kg6 34.exf6 gxf6 35.f4 b6 36.f5+ Kh6
37.g3 b5 38.a5 b4 39.Kf3 g4+ 40.Kxg4 c5 41.Kf3 c4 42.Ke2 Kg5 43.g4 Kh4 44.Kd2  1-0

[Event "TCh-MNE Premier"]
[Site "Herceg Novi MNE"]
[Date "2008.08.31"]
[Round "7"]
[White "Sedlak,N"]
[Black "Pikula,D"]
[Result "1/2-1/2"]
[WhiteElo "2576"]
[BlackElo "2564"]

1.e4 d6 2.d4 Nf6 3.Nc3 e5 4.Nf3 Nbd7 5.Bc4 Be7 6.O-O O-O 7.Re1 c6 8.a4 b6
9.d5 cxd5 10.Nxd5 Bb7 11.b3 Rc8 12.Re2 Nxd5 13.Bxd5 Bxd5 14.Qxd5 Nf6 15.Qd1 d5
16.Nxe5 dxe4 17.Bb2 Qc7 18.Rd2  1/2-1/2

[Event "1st Dragon Capital Vietnam Open"]
[Site "Vung Tau VIE"]
[Date "2008.08.31"]
[Round "8"]
[White "Le Kieu Thien Kim"]
[Black "Nguyen Ngoc Truong Son"]
[Result "0-1"]
[WhiteElo "2286"]
[BlackElo "2579"]

1.e4 d6 2.d4 Nf6 3.Nc3 Nbd7 4.Nf3 e5 5.dxe5 dxe5 6.Bc4 Bb4 7.Bd2 O-O 8.Qe2 c6
9.O-O b5 10.Bb3 Be7 11.a4 b4 12.Na2 a5 13.Nc1 Qc7 14.Bg5 Nc5 15.Bxf6 Bxf6
16.Bc4 Nd7 17.Qe3 Nb6 18.Be2 Be6 19.Nd3 Nc4 20.Qc1 c5 21.b3 Nd6 22.Qe3 c4
23.Ndxe5 cxb3 24.cxb3 Qb7 25.Rad1 Rad8 26.Rfe1 Qxe4 27.Qxe4 Nxe4 28.Rxd8 Rxd8
29.Bc4 Nc5 30.Bxe6 fxe6 31.Nc6 Rd3 32.Nxa5 Nxb3 33.Nc6 Bc3 34.Rb1 Rd6 35.Kf1 Nc5
36.Nfe5 b3 37.a5 b2 38.f4 Rd2 39.Nc4 Rc2 40.Na3 Rc1+ 41.Ke2 h5 42.Ne5 Bxe5
43.fxe5 Na4 44.Kd2 Rc5 45.a6 Ra5 46.Nc4 Rxa6 47.Nxb2 Rb6 48.Kc2 Nxb2 49.Rxb2 Rxb2+
50.Kxb2 Kf7 51.Kc3 Kg6 52.Kd4 Kf5 53.g3 g6 54.h4 g5 55.hxg5 Kxg5 56.Kc5 Kg4
57.Kc6 Kxg3 58.Kd6 h4 59.Kxe6 h3 60.Kd7 h2 61.e6 h1=Q 62.e7 Qd5+ 63.Kc7 Qe6
64.Kd8 Qd6+ 65.Ke8 Kf4  0-1

[Event "Open A"]
[Site "Graz SUI"]
[Date "2008.09.01"]
[Round "3"]
[White "Pfaffel,T"]
[Black "Brunner,G"]
[Result "0-1"]
[WhiteElo "2144"]
[BlackElo "2009"]

1.e4 d6 2.d4 Nf6 3.Nc3 e5 4.dxe5 dxe5 5.Qxd8+ Kxd8 6.Nf3 Bd6 7.Ng5 Ke7 8.Bc4 Rf8
9.Nd5+ Nxd5 10.Bxd5 h6 11.Nf3 c6 12.Bb3 Nd7 13.c3 Nc5 14.Bc2 Be6 15.Be3 Nd7
16.O-O b5 17.h3 Nb6 18.b3 f6 19.Nh4 Rfd8 20.Rad1 Bc7 21.Bc5+ Kf7 22.Nf5 Nc8
23.a4 Rxd1 24.Rxd1 bxa4 25.bxa4 Rb8 26.Ba3 h5 27.Ne3 Ke8 28.Nf5 Kf7 29.c4 g6
30.Ne3 Ke8 31.g4 hxg4 32.hxg4 Nb6 33.Bd6 Rc8 34.Bxc7 Rxc7 35.Bb3 Rd7 36.Rb1 Ke7
37.a5 Nc8 38.Ba4 Kd6 39.Rb8 Kc7 40.Rb4 Rd4 41.f3 Nd6 42.Kf2 Bxc4 43.Rb2 Ba6
44.Bc2 Rd2+ 45.Kg3 Nc4 46.Bb3  0-1

[Event "17th CRO-chT 1b"]
[Site "Sibenik CRO"]
[Date "2008.09.01"]
[Round "5"]
[White "Bilobrk,F"]
[Black "Jurkovic,A"]
[Result "1-0"]
[WhiteElo "2372"]
[BlackElo "2343"]

1.d4 d6 2.e4 Nf6 3.Nc3 c6 4.Nf3 Bg4 5.Be2 e6 6.d5 cxd5 7.exd5 e5 8.O-O Be7
9.Nd2 Bxe2 10.Qxe2 O-O 11.Nc4 Nbd7 12.Be3 Re8 13.a4 Nf8 14.Rfd1 N6d7 15.Nb5 Qb8
16.f3 a6 17.Nc3 Ng6 18.Kh1 Qc7 19.a5 Nc5 20.Na4 Nxa4 21.Rxa4 Bd8 22.b3 Qd7
23.Qd2 Bc7 24.Rb4 Reb8 25.Bb6 Re8 26.Bxc7 Qxc7 27.Rb6 Rad8 28.Qb4 e4 29.Rxd6 exf3
30.gxf3 Qc8 31.Rxd8 Rxd8 32.Qb6 Nh4 33.Qf2 Qh3 34.d6 Qxf3+ 35.Qxf3 Nxf3 36.Rd5 f6
37.Kg2 Ne5 38.Nxe5 fxe5 39.Kf3 Kf7 40.Ke4 Ke6 41.Rxe5+ Kxd6 42.Rd5+ Ke7 43.Rxd8 Kxd8
44.Ke5 Kd7 45.b4 Ke7 46.c4 Kd7 47.Kd5 Ke7 48.Kc5 Kd7 49.Kb6 Kc8 50.b5 axb5
51.cxb5 Kb8 52.Kc5 Kc7 53.Kd5 h5 54.Ke5 h4 55.h3 Kd7 56.Kf4 Kd6 57.a6 bxa6
58.bxa6  1-0

[Event "TCh-SRB 1st League"]
[Site "Subotica SRB"]
[Date "2008.09.01"]
[Round "1"]
[White "Skoko,Mil"]
[Black "Lazic,Mir"]
[Result "1/2-1/2"]
[WhiteElo "2257"]
[BlackElo "2528"]

1.e4 d6 2.d4 Nf6 3.Nc3 e5 4.dxe5 dxe5 5.Qxd8+ Kxd8 6.Bg5 Be6 7.O-O-O+ Kc8
8.f4 exf4 9.a3 Bc5 10.Bxf4 Ng4 11.Nh3 c6 12.Be2 h6 13.Rdf1 Nd7 14.Bxg4 Bxg4
15.Nf2 Bh5 16.Nd3 Bd4 17.Kd2 Re8 18.Re1 b6 19.Ne2 Bxe2 20.Rxe2 Be5 21.Rf1 Bxf4+
22.Rxf4 Re7 23.e5 Kc7 24.Rg4 Rg8 25.h4 Nf8 26.Nf4 g5 27.hxg5 hxg5 28.Rg3 Nd7
29.e6 Nc5 30.exf7 Rxf7 31.Nd3 Nxd3 32.Rxd3  1/2-1/2

[Event "17th CRO-chT 1w"]
[Site "Sibenik CRO"]
[Date "2008.09.02"]
[Round "6"]
[White "Muzychuk,A"]
[Black "Gara,A"]
[Result "1-0"]
[WhiteElo "2504"]
[BlackElo "2340"]

1.e4 d6 2.d4 Nf6 3.Nc3 e5 4.Nge2 Nbd7 5.g3 exd4 6.Nxd4 Ne5 7.Bg2 c5 8.Nf5 g6
9.Ne3 Bg7 10.O-O O-O 11.h3 Re8 12.Re1 a6 13.a4 Rb8 14.a5 Bf8 15.Ncd5 Nc6
16.Nxf6+ Qxf6 17.Bd2 Qxb2 18.c3 Be6 19.Bf1 Ne5 20.Kg2 c4 21.Nc2 Qb5 22.Nd4 Qd7
23.Nxe6 Qxe6 24.Bf4 Bg7 25.Rb1 Red8 26.Qc2 Rd7 27.Red1 Re8 28.Rd5 Rc8 29.Rb4 Rdc7
30.Qd1 Bf8 31.Qb1 Nd3 32.Bxd3 cxd3 33.Rxd3 Rc4 34.Rxc4 Qxc4 35.Qxb7 Qxd3
36.Qxc8 Qxe4+ 37.Kh2 Qe2 38.Be3 h5 39.h4 Qf3 40.Qxa6 g5 41.Qf1 gxh4 42.Qg2 Qf6
43.a6 d5 44.a7 Qd8 45.gxh4+ Kh7 46.Qg5 Bd6+ 47.Kg2 Qe8 48.Qh6+  1-0

[Event "Open"]
[Site "Herzliya ISR"]
[Date "2008.09.03"]
[Round "2"]
[White "Shevelev,A"]
[Black "Klenburg,M"]
[Result "1-0"]
[WhiteElo "2293"]
[BlackElo "2445"]

1.e4 d6 2.d4 Nf6 3.Nc3 e5 4.Nf3 Nbd7 5.Bc4 Be7 6.O-O O-O 7.Qe2 c6 8.a4 exd4
9.Nxd4 Re8 10.Ba2 Bf8 11.Qf3 Ne5 12.Qd1 Ng6 13.f3 a6 14.Kh1 Bd7 15.g4 Qc8
16.a5 h5 17.g5 Nh7 18.Na4 Bh3 19.Nb6 Qd8 20.Rg1 d5 21.exd5 c5 22.Ne2 Bd6
23.Nxa8 Qxa8 24.Ng3 Qb8 25.Qd2 Be5 26.c3 Nf4 27.Ne4 Nf8 28.d6 N8g6 29.Qd1 Bf5
30.Bxf4 Nxf4 31.g6 Bxg6 32.Rxg6 Nxg6 33.Ng5 Rf8 34.d7 Bf6 35.Nxf7 Rxf7 36.Qd5 Qf4
37.Qxf7+ Kh7 38.Bd5  1-0

[Event "USCL 2008"]
[Site "ICC INT"]
[Date "2008.09.03"]
[Round "2"]
[White "Naroditsky,D"]
[Black "Young,A PHI"]
[Result "0-1"]
[WhiteElo "2313"]
[BlackElo "2367"]

1.e4 d6 2.d4 Nf6 3.Nc3 c6 4.Nf3 Qa5 5.Bd2 Qc7 6.Bc4 b5 7.Bd3 e5 8.dxe5 dxe5
9.a4 b4 10.Ne2 a5 11.Ng3 Nbd7 12.Qe2 g6 13.O-O h5 14.Bg5 Nh7 15.Be3 Be7 16.Nd2 h4
17.Nh1 Nhf6 18.Nc4 Nh5 19.g4 Nf4 20.Bxf4 exf4 21.e5 Nc5 22.Nd6+ Kf8 23.Nxc8 Rxc8
24.Bc4 Re8 25.Qf3 Bg5 26.Rfe1 Kg7 27.Rad1 Rxe5 28.Rxe5 Qxe5 29.Qxc6 Rd8 30.Rxd8 Bxd8
31.Kf1 Qd4 32.Be2 h3 33.Ke1 Be7 34.Qc7 Bh4 35.Bf3 Qe3+ 36.Be2 Ne4 37.Qe5+ Kh7
38.Qd5 Bxf2+ 39.Kd1 Kg8 40.Qd8+ Kg7 41.Qd5 Bh4 42.c3 bxc3  0-1

[Event "TCh-ESP Hon Gp2"]
[Site "Sabadell ESP"]
[Date "2008.09.03"]
[Round "1"]
[White "Negi,P"]
[Black "Magem Badals,J"]
[Result "1/2-1/2"]
[WhiteElo "2529"]
[BlackElo "2500"]

1.e4 d6 2.d4 Nf6 3.Nc3 e5 4.Nge2 Nbd7 5.g3 c6 6.a4 Be7 7.Bg2 b6 8.h3 h5 9.O-O Bb7
10.Be3 a6 11.f4 O-O 12.dxe5 dxe5 13.f5 b5 14.axb5 axb5 15.Rxa8 Qxa8 16.g4 hxg4
17.hxg4 b4 18.Nb1 Rd8 19.Ng3 Bc5 20.Bxc5 Nxc5 21.Qf3 Rd4 22.g5 Nfxe4 23.Ne2 Ba6
24.Nxd4 Bxf1 25.Qxf1 exd4 26.Qf4 Qe8 27.f6 Qe6 28.Qb8+ Kh7 29.Qh2+ Kg8 30.Qb8+ Kh7
31.Qh2+ Kg8  1/2-1/2

[Event "17th CRO-chT 1a"]
[Site "Sibenik CRO"]
[Date "2008.09.03"]
[Round "7"]
[White "Zivkovic,Vj"]
[Black "Rukavina,J"]
[Result "0-1"]
[WhiteElo "2429"]
[BlackElo "2414"]

1.e4 d6 2.d4 Nf6 3.Nc3 e5 4.Nf3 Nbd7 5.g4 Nxg4 6.Rg1 Ngf6 7.Be3 c6 8.Bc4 h6
9.dxe5 dxe5 10.Qd3 Qe7 11.O-O-O g6 12.a4 Nh5 13.Ba2 Qf6 14.Nd2 Nc5 15.Qe2 Nf4
16.Bxf4 Qxf4 17.Kb1 Be6 18.Bxe6 Nxe6 19.Nd5 Qh4 20.Nf3 Qd8 21.Nxe5 Bg7 22.Nxg6 fxg6
23.Rxg6 O-O 24.Nf6+ Qxf6 25.Rxf6 Rxf6 26.Qg4 Raf8 27.Rd7 Kh7 28.Rxb7 Rg6
29.Qh4 a5 30.Rb3 Rf4 31.Qe7 Rg1+ 32.Ka2 Rxe4 33.Re3 Rxa4+ 34.Ra3 Rb4 35.c3 Re4
36.Rxa5 Ree1 37.Ra7 Nd4 38.cxd4 Rxe7 39.Rxe7 Kg8 40.Re6 Rc1 41.Rd6 Kf7 42.d5 c5
43.Rd7+ Kg6 44.Kb3 c4+ 45.Kb4 Bxb2 46.Rc7 c3 47.Rc6+ Kf7 48.Rxh6 Rd1 49.Kb3 Rxd5
50.f4 Rd4 51.f5 Rf4 52.Rh5 Kf6 53.h3 Rxf5 54.Rh8 Kg7 55.Rh4 Kg6 56.Rg4+ Rg5
57.Rc4 Rh5  0-1

[Event "Open"]
[Site "Herzliya ISR"]
[Date "2008.09.04"]
[Round "3"]
[White "Haitovich,A"]
[Black "Segal,N"]
[Result "0-1"]
[WhiteElo "1871"]
[BlackElo "2210"]

1.e4 d6 2.d4 Nf6 3.Nc3 c6 4.Bg5 h6 5.Bf4 e6 6.e5 Nd5 7.Nxd5 exd5 8.Qf3 Be6
9.O-O-O dxe5 10.Bxe5 Nd7 11.Bf4 Be7 12.Qg3 g5 13.Be3 Nf6 14.f3 Bd6 15.Qe1 Qc7
16.g3 O-O-O 17.Ne2 Rde8 18.Qc3 Nh5 19.Qd2 Bd7 20.Bg2 Re7 21.Nc3 f5 22.Bf2 f4
23.g4 Nf6 24.Kb1 h5 25.h4 hxg4 26.hxg5 Nh5 27.fxg4 Bxg4 28.Rdg1 Qd7 29.Bf1 Kc7
30.Bg2 f3 31.Bf1 Rg8 32.Rh4 Bf4 33.Nb5+ cxb5 34.Qa5+ Kb8 35.Bxb5 Qc8 36.Rhxg4 Bh2
37.Rh4 Bxg1 38.Bxg1 Rxg5 39.Bh2+ Ka8 40.Bf1 f2 41.a3 Re1+ 42.Ka2 Rxf1 43.Qd2 Ra1+
44.Kxa1 f1=Q+ 45.Ka2 Rg2  0-1

[Event "7th Open"]
[Site "Izmir TUR"]
[Date "2008.09.04"]
[Round "7"]
[White "Annaberdiev,M"]
[Black "Klinova,M"]
[Result "1-0"]
[WhiteElo "2444"]
[BlackElo "2290"]

1.d4 d6 2.e4 Nf6 3.Nc3 e5 4.Nf3 exd4 5.Nxd4 Nc6 6.Bb5 Bd7 7.Bxc6 bxc6 8.Qf3 c5
9.Nf5 h6 10.O-O Bxf5 11.exf5 Be7 12.Qc6+ Kf8 13.Re1 Rb8 14.Qa6 Kg8 15.Qxa7 Kh7
16.b3 d5 17.Bf4 Bd6 18.Bg3 Qd7 19.Qa6 Bxg3 20.hxg3 Qxf5 21.Qd3 Qxd3 22.cxd3 c4
23.dxc4 dxc4 24.bxc4 Rb4 25.Nd5 Rxc4 26.Nxf6+ gxf6 27.Rec1 Rxc1+ 28.Rxc1 Rc8
29.a4 Kg7 30.Kf1 Kf8 31.Ke2 Ke7 32.Kd3 c5 33.Kc4 Ra8 34.Kb5 Rb8+ 35.Kc6 Rb2
36.a5 Ra2 37.Rxc5 Rxf2 38.a6 Ra2 39.Kb6 Kd6 40.Rb5 Kd7 41.a7 Kc8 42.Rc5+  1-0

[Event "61st ch-RUS HL"]
[Site "Novokuznetsk RUS"]
[Date "2008.09.04"]
[Round "2"]
[White "Lastin,A"]
[Black "Bocharov,D"]
[Result "1-0"]
[WhiteElo "2639"]
[BlackElo "2582"]

1.e4 d6 2.d4 Nf6 3.Nc3 e5 4.Nf3 Nbd7 5.Bc4 Be7 6.O-O O-O 7.a4 exd4 8.Nxd4 Ne5
9.Bb3 Re8 10.h3 Bf8 11.Bg5 h6 12.Bh4 c6 13.Kh1 Bd7 14.f4 Ng6 15.Bxf6 Qxf6
16.e5 Qd8 17.Qh5 Nh8 18.Rae1 d5 19.f5 g6 20.fxg6 fxg6 21.Rxf8+ Rxf8 22.Qxh6 Qa5
23.Re4 Qc7 24.Bxd5+ cxd5 25.Nxd5 Qb8 26.Ne7+ Kf7 27.Qh7+ Ke8 28.Nd5  1-0

[Event "X Open"]
[Site "San Marti ESP"]
[Date "2008.09.04"]
[Round "4"]
[White "Gomez Parla,J"]
[Black "Garcia Marin,G"]
[Result "1/2-1/2"]
[WhiteElo "1888"]
[BlackElo "2104"]

1.e4 d6 2.d4 Nf6 3.Nc3 c6 4.f4 Qa5 5.Bd3 e5 6.dxe5 dxe5 7.f5 Bc5 8.a3 b5
9.Bd2 Qb6 10.Nh3 h5 11.Qe2 Ng4 12.O-O-O a5 13.Bg5 Bd7 14.Kb1 a4 15.Bxb5 Bd4
16.Rxd4 exd4 17.Nd5 Qb7 18.Bc4 Ne5 19.Ndf4 Na6 20.Nxh5 Nxc4 21.Nxg7+ Kf8
22.Qxc4 Kxg7 23.Qxd4+ Kg8 24.Bf6 Rh7 25.Qe3 Rb8 26.Qg3+ Kf8 27.Qd6+ Kg8 28.Qg3+ Kf8
29.Be5 f6 30.Bd6+ Re7 31.Bxe7+ Kxe7 32.Qg7+ Kd8 33.Qxf6+ Kc7 34.Rd1 Nc5 35.Qd6+ Kc8
36.Qf8+ Kc7 37.Qd6+ Kc8 38.Qf8+ Kc7  1/2-1/2

[Event "5th LGA Premium Cup"]
[Site "Nuernberg GER"]
[Date "2008.09.05"]
[Round "2"]
[White "Sippl,M"]
[Black "Lorscheid,G"]
[Result "0-1"]
[WhiteElo "2106"]
[BlackElo "2348"]

1.e4 d6 2.d4 Nf6 3.Nc3 e5 4.Nf3 Nbd7 5.Bc4 Be7 6.h3 O-O 7.Be3 c6 8.a4 b6
9.dxe5 dxe5 10.Qe2 a6 11.O-O Qc7 12.Nh2 Nc5 13.f3 Ne6 14.Qf2 Rb8 15.g3 b5
16.axb5 axb5 17.Bxe6 Bxe6 18.Ra7 Rb7 19.Rfa1 Nd7 20.g4 b4 21.Rxb7 Qxb7 22.Ra7 Qb8
23.Na4 c5 24.Rxd7 Bxd7 25.Nxc5 Bc8 26.Nf1 Rd8 27.Kg2 Qb5 28.Nd3 b3 29.c4 Qxc4
30.Nxe5 Qb5 31.f4 Bb7 32.Nd2 f6 33.Nef3 Qd3 34.e5 fxe5 35.fxe5 Rf8 36.Kg3 Bb4
37.Qg1 Bxf3 38.Nxf3 Bc5 39.Bxc5 Rxf3+  0-1

[Event "17th CRO-chT 1w"]
[Site "Sibenik CRO"]
[Date "2008.09.05"]
[Round "9"]
[White "Gara,A"]
[Black "Srebrnic,A"]
[Result "0-1"]
[WhiteElo "2340"]
[BlackElo "2268"]

1.e4 d6 2.d4 Nf6 3.Nc3 e5 4.Nf3 Nbd7 5.g4 Nxg4 6.Rg1 Ngf6 7.Bc4 h6 8.Be3 c6
9.Qd3 b5 10.Bb3 Qa5 11.O-O-O Ba6 12.Nb1 c5 13.dxc5 dxc5 14.Bd2 Qc7 15.c4 b4
16.Be3 O-O-O 17.Ba4 Bb7 18.Nbd2 Nb6 19.Qc2 g6 20.Rge1 Be7 21.Bb3 Bc6 22.Ng1 a5
23.Qb1 Ng4 24.Bc2 Nxe3 25.fxe3 Qd7 26.Ngf3 Qe6 27.Bd3 g5 28.Qc2 g4 29.Ng1 Kc7
30.Ne2 Bh4 31.Ng3 Bxg3 32.hxg3 Qe7 33.Rf1 Rd7 34.Rf5 Nc8 35.Nb3 Kb6 36.Qf2 a4
37.Na1 Rhd8 38.Be2 Nd6 39.Bxg4 Nxf5 40.exf5 Rxd1+ 41.Bxd1 Qg5 42.Nc2 Be4
43.g4 h5 44.gxh5 Bxf5 45.Ne1 a3 46.bxa3 bxa3 47.Nc2 Bxc2 48.Kxc2 e4 49.Kc1 Qe5  0-1

[Event "TCh-SRB 1st League"]
[Site "Subotica SRB"]
[Date "2008.09.05"]
[Round "5"]
[White "Kosanovic,G"]
[Black "Strikovic,A"]
[Result "0-1"]
[WhiteElo "2393"]
[BlackElo "2512"]

1.e4 d6 2.d4 Nf6 3.Nc3 e5 4.Nf3 Nbd7 5.g3 g6 6.Bg2 Bg7 7.O-O O-O 8.dxe5 dxe5
9.Re1 c6 10.h3 Re8 11.a4 a5 12.b3 Bf8 13.Na2 Qc7 14.Bb2 Nc5 15.Nd2 Nfd7 16.Nc1 Nb6
17.Qe2 Be6 18.Nf3 f6 19.Nd3 Nxd3 20.Qxd3 Red8 21.Qe2 c5 22.c4 Nd7 23.Red1 Nb8
24.Rxd8 Qxd8 25.Rd1 Qb6 26.Qc2 Nc6 27.Bc3 Qc7 28.Kh2 Nd4 29.Qb2 h5 30.Ne1 h4
31.g4 Bh6 32.Bd2 Bxd2 33.Rxd2 Qb6 34.Nf3 Qxb3 35.Nxh4 g5 36.Qxb3 Nxb3 37.Rd6 Bxc4
38.Nf5 b5 39.axb5 Bxb5 40.Rb6 Bc4 41.Ne3 Bf7 42.Nd5 a4  0-1

[Event "5th LGA Premium Cup"]
[Site "Nuernberg GER"]
[Date "2008.09.06"]
[Round "4"]
[White "Hirneise,J"]
[Black "Pribyl,Jo"]
[Result "0-1"]
[WhiteElo "2251"]
[BlackElo "2397"]

1.e4 d6 2.d4 Nf6 3.Nc3 e5 4.Nf3 Nbd7 5.Bc4 Be7 6.O-O O-O 7.Re1 c6 8.a4 b6
9.b3 Bb7 10.Bb2 a6 11.Bd3 Re8 12.Ne2 Bf8 13.Ng3 g6 14.c3 Bg7 15.b4 Qc7 16.Qb3 c5
17.Bc4 Re7 18.dxc5 dxc5 19.Rad1 Nf8 20.Ba3 Rc8 21.bxc5 bxc5 22.Rb1 a5 23.Ng5 Bc6
24.Ba6 Ra8 25.Bb5 h6 26.Bxc5 Bxb5 27.Bxe7 Bc4 28.Qa3 hxg5 29.Bd6 Qa7 30.Bc5 Qd7
31.Red1 Qe8 32.Rb7 Ne6 33.Bd6 Qc6 34.Rbb1 Nxe4 35.Nxe4 Qxe4 36.Re1 Qc2 37.Rbc1 Qf5
38.Re3 Nf4  0-1

[Event "5th LGA Premium Cup"]
[Site "Nuernberg GER"]
[Date "2008.09.06"]
[Round "4"]
[White "Haba,P"]
[Black "Lorscheid,G"]
[Result "1-0"]
[WhiteElo "2570"]
[BlackElo "2348"]

1.e4 d6 2.d4 Nf6 3.Nc3 e5 4.Nf3 Nbd7 5.Bc4 Be7 6.O-O O-O 7.Re1 c6 8.a4 b6
9.d5 cxd5 10.Nxd5 Bb7 11.b3 Rc8 12.Re2 Nxd5 13.Bxd5 Bxd5 14.Qxd5 Nf6 15.Qd1 d5
16.exd5 Qxd5 17.Qxd5 Nxd5 18.c4 Nc3 19.Re3 e4 20.Bb2 Bc5 21.Nd2 Bxe3 22.fxe3 Rcd8
23.Bxc3 Rd3 24.Rc1 Rfd8 25.Nxe4 Rxe3 26.Nf2 Re2 27.a5 f6 28.Kf1 Ra2 29.axb6 axb6
30.b4 Rc8 31.Be1 Kf7 32.Nd1 Ke6 33.Nc3 Rb2 34.Na4  1-0

[Event "Liga Nacional Ajedrez"]
[Site "Villa Martelli ARG"]
[Date "2008.09.06"]
[Round "5"]
[White "Converset,J"]
[Black "Scalise,L"]
[Result "1-0"]
[WhiteElo "2243"]
[BlackElo "2182"]

1.e4 d6 2.d4 Nf6 3.Nc3 c6 4.h3 Qa5 5.Bd2 e5 6.Nf3 Nbd7 7.g4 exd4 8.Nxd4 Qe5
9.Nf3 Qe7 10.Qe2 Nc5 11.e5 dxe5 12.Nxe5 Nfe4 13.Nxe4 Qxe5 14.Bg2 Nxe4 15.Bxe4 Be6
16.Bxc6+  1-0

[Event "Open"]
[Site "Herzliya ISR"]
[Date "2008.09.07"]
[Round "5"]
[White "Zak,Uri2"]
[Black "Yaacov,A"]
[Result "0-1"]
[WhiteElo "2208"]
[BlackElo "2159"]

1.e4 d6 2.d4 Nf6 3.Nc3 e5 4.Nge2 Be7 5.f3 a6 6.Be3 exd4 7.Qxd4 b5 8.O-O-O O-O
9.Ng3 Be6 10.f4 c5 11.Qd2 b4 12.Nd5 Nxd5 13.exd5 Bg4 14.Re1 Qa5 15.Kb1 Bf6
16.Ne4 Nd7 17.Bd3 Rab8 18.Qf2 Bc3 19.Qh4 Bf5 20.Re2 c4 21.Bxc4 Bxe4 22.Bc1 Bf6
23.Qh3 Nc5 24.Rhe1 Rbe8 25.Bd3 Nxd3 26.cxd3 Bxd5 27.Rxe8 Qxa2+ 28.Kc2 Qa4+
29.Kd2 Rxe8 30.Qf5 Rxe1 31.Kxe1 Qe8+ 32.Kf2 Bd4+ 33.Kf1 Qe6  0-1

[Event "Open"]
[Site "Herzliya ISR"]
[Date "2008.09.07"]
[Round "5"]
[White "Porat,Dan"]
[Black "Shutzman,J"]
[Result "0-1"]
[WhiteElo "2233"]
[BlackElo "2318"]

1.e4 d6 2.Nc3 Nf6 3.d4 c6 4.f4 Qa5 5.Bd3 e5 6.Nf3 exd4 7.Nxd4 g6 8.Nb3 Qc7
9.Be3 Bg7 10.Qd2 a5 11.a4 O-O 12.O-O-O b5 13.h3 b4 14.Ne2 Nbd7 15.Ng3 Nb6
16.Bxb6 Qxb6 17.Bc4 d5 18.exd5 cxd5 19.Bxd5 Nxd5 20.Qxd5 Bb7 21.Qc5 Qf6 22.Qd4 Qc6
23.Qf2 Qxa4 24.Kb1 Qc6 25.Nd4 Qb6 26.Rd2 Qf6 27.Rhd1 a4 28.f5 Rfd8 29.fxg6 Qxf2
30.Rxf2 Rxd4 31.Rxd4 Bxd4 32.Rxf7 a3  0-1

[Event "5th LGA Premium Cup"]
[Site "Nuernberg GER"]
[Date "2008.09.07"]
[Round "6"]
[White "Lowitz,T"]
[Black "Lorscheid,G"]
[Result "0-1"]
[WhiteElo "2168"]
[BlackElo "2348"]

1.e4 d6 2.d4 Nf6 3.Nc3 e5 4.Nf3 Nbd7 5.Bc4 Be7 6.O-O O-O 7.a4 c6 8.Ba2 b6
9.Re1 a6 10.Bg5 h6 11.Bh4 Nh5 12.Bg3 Nxg3 13.hxg3 Rb8 14.Qd3 Qc7 15.Nd1 exd4
16.Nxd4 Nc5 17.Qc4 Bf6 18.c3 b5 19.axb5 axb5 20.Qe2 Re8 21.Qc2 d5 22.b4 Nxe4
23.f3 Nd6 24.Rxe8+ Nxe8 25.Bb1 g6 26.Nf2 Nd6 27.Nd3 Nf5 28.Nxf5 Bxf5 29.g4 Bxd3
30.Qxd3 Re8 31.Bc2 Qg3 32.Qd2 Bg5  0-1

[Event "5th LGA Premium Cup"]
[Site "Nuernberg GER"]
[Date "2008.09.07"]
[Round "7"]
[White "Bangiev,A"]
[Black "Lauer,M"]
[Result "1-0"]
[WhiteElo "2438"]
[BlackElo "2284"]

1.e4 d6 2.d4 Nf6 3.Nc3 e5 4.Nf3 Nbd7 5.Bc4 Be7 6.O-O O-O 7.Re1 c6 8.a4 b6
9.d5 Bb7 10.dxc6 Bxc6 11.Bg5 Rc8 12.Bxf6 Nxf6 13.Qe2 Qc7 14.Ba6 Rcd8 15.Qc4 Rd7
16.Rad1 Rfd8 17.Nb5 Bxb5 18.Bxb5 Qxc4 19.Bxc4 Rc7 20.b3 Nd7 21.h4 h6 22.g3 g6
23.Kg2 Kg7 24.Re2 Rdc8 25.Nd2 Nf6 26.Ba6 Rd8 27.Nb1 Nd7 28.Bc4 Nf6 29.Rd3 Rdc8
30.Nd2 Rd8 31.Ree3 Rf8 32.Nb1 Rd8 33.Nc3 Rcd7 34.Re2 Rc7 35.Nb5 Rcd7 36.Bd5 Rc8
37.c4 a6 38.Nc3 Rdc7 39.Na2 a5 40.Nc3 Rd7 41.Nb5 Rc5 42.Red2 Ne8 43.Rf3 Bd8
44.Nc3 Nf6 45.Rfd3 Be7 46.Nd1 Ne8 47.Ne3 Nc7 48.Nc2 Na6 49.Rf3 Bd8 50.Rd1 Nb4
51.Ne3 Ra7 52.Kh3 Rd7 53.g4 Ra7 54.Rg3 Rd7 55.Rdg1 Kh7 56.Rd1 Kg7 57.g5 h5
58.Ng2 Re7 59.Rc3 Rec7 60.Rg3 Re7  1-0